Elitestone Ltd v Morris and another (Record no. 49392)

MARC details
000 -LEADER
fixed length control field 01727cab a2200289 4500
001 - CONTROL NUMBER
control field ABS57015
008 - FIXED-LENGTH DATA ELEMENTS--GENERAL INFORMATION
fixed length control field 090401t1997 xxu||||| |||| 00| 0 eng d
035 ## - SYSTEM CONTROL NUMBER
System control number (Sirsi) u78503
041 ## - LANGUAGE CODE
Language code of text/sound track or separate title eng
245 ## - TITLE STATEMENT
Title Elitestone Ltd v Morris and another
260 ## - PUBLICATION, DISTRIBUTION, ETC.
Date of publication, distribution, etc. 1997
350 ## - PRICE (NR) (BK AM CF MU VM SE) [OBSOLETE]
Price 0
490 ## - SERIES STATEMENT
Series statement All England Law Reports
Volume/sequential designation [1997] 2 All ER 513-525(13)
520 ## - SUMMARY, ETC.
Summary, etc. HL 1 May 1997. The plaintiffs (E) were freehold owners of a parcel of land divided into lots. The defendants (M) occupied a bungalow on one lot. The bungalow rested on concrete foundation blocks in the ground. E wished to redevelop the land and issued proceedings against the occupiers. M resisted on the grounds that they were protected by the Rent Act 1977. The assistant recorder held that the bungalow had become annexed to and part of the realty and that the defendants were statutory tenants. The CA allowed E`s appeal holding that the bungalow was a chattel because it merely rested on the foundation blocks, and so was not included in the tenancy of the lot. M appealed to the House of Lords. Their appeal was allowed on the grounds that when a house was built in such a way that it could not be removed except by demolition, it could not have been intended to remain a chattel and must have been intended to form part of the realty. Decision of the CA reversed.
650 ## - SUBJECT ADDED ENTRY--TOPICAL TERM
Topical term or geographic name entry element BUNGALOW
650 ## - SUBJECT ADDED ENTRY--TOPICAL TERM
Topical term or geographic name entry element CHATTELS
650 ## - SUBJECT ADDED ENTRY--TOPICAL TERM
Topical term or geographic name entry element DEMOLITION
650 ## - SUBJECT ADDED ENTRY--TOPICAL TERM
Topical term or geographic name entry element ELITESTONE LTD V MORRIS AND ANOTHER
650 ## - SUBJECT ADDED ENTRY--TOPICAL TERM
Topical term or geographic name entry element FIXTURES
650 ## - SUBJECT ADDED ENTRY--TOPICAL TERM
Topical term or geographic name entry element PHYSICAL ATTACHMENT
650 ## - SUBJECT ADDED ENTRY--TOPICAL TERM
Topical term or geographic name entry element PROTECTED TENANT
650 ## - SUBJECT ADDED ENTRY--TOPICAL TERM
Topical term or geographic name entry element RENT ACT 1977
650 ## - SUBJECT ADDED ENTRY--TOPICAL TERM
Topical term or geographic name entry element STATUTORY TENANTS
690 ## - LOCAL SUBJECT ADDED ENTRY--TOPICAL TERM (OCLC, RLIN)
Topical term or geographic name as entry element LANDLORD AND TENANT-CASE LAW-RESIDENTIAL TENANCIES
942 ## - ADDED ENTRY ELEMENTS (KOHA)
Suppress in OPAC 0
948 ## - LOCAL PROCESSING INFORMATION (OCLC); SERIES PART DESIGNATOR (RLIN)
c (OCLC) 22/05/1997
Holdings
Withdrawn status Lost status Source of classification or shelving scheme Damaged status Not for loan Home library Current library Shelving location Date acquired Total Checkouts Full call number Barcode Date last seen Copy number Price effective from Koha item type
    Dewey Decimal Classification     London London Journal article 14/09/1999   ABS57015 78503-1001 06/08/2019 1 06/08/2019 Law report